| 000 | 01327cam a2200397 4500 | ||
|---|---|---|---|
| 999 |
_c23237 _d23237 |
||
| 001 | vtls011923381 | ||
| 005 | 20220428103942.0 | ||
| 008 | 210906s2020 xo er 010 f slo | ||
| 020 |
_a9788055171210 _q(viazané) |
||
| 035 | _aurn:nbn:sk:snk-am00finh | ||
| 035 | _aurn:nbn:sk:snk-am3iur5 | ||
| 035 | _aD4E930E1-1D6F-4667-ACBC-677FE18294AF | ||
| 040 |
_aTTKJF _bslo _cTTKJF _dSNK _erda |
||
| 041 | 1 |
_aslo _hswe |
|
| 044 |
_axo _cSK |
||
| 072 | 7 |
_a821.11 _xGermánske literatúry _2konspekt |
|
| 080 |
_a821.113.6-31 _22011 |
||
| 080 |
_a(0:82-312.4) _22011 |
||
| 100 | 1 |
_aSten, Camilla, _d1992- _4aut _93058 |
|
| 240 | 1 | 0 |
_aStaden _lSlovensky |
| 245 | 1 | 0 |
_aMesto _cCamilla Sten ; preložila Jana Melichárková |
| 264 | 1 |
_aBratislava _bIkar _c2020 |
|
| 300 |
_a398 strán _c21 cm |
||
| 336 |
_atext _btxt _2rdacontent |
||
| 337 |
_abez média _bn _2rdamedia |
||
| 338 |
_azväzok _bnc _2rdacarrier |
||
| 500 | _aPreložené zo švédčiny | ||
| 500 | _aObsahuje biografické údaje o autorke na záložke prebalu publikácie | ||
| 655 | 7 |
_ašvédske romány _2SNKPH _91715 |
|
| 655 | 7 |
_atrilery (romány) _2SNKPH _92135 |
|
| 655 | 7 |
_aSwedish fiction _2SNKPHeng _91716 |
|
| 655 | 7 |
_aThrillers (novels) _2SNKPHeng _91722 |
|
| 700 | 1 |
_aMelichárková, Jana _c(prekladateľka) _4trl _92527 |
|
| 958 | _aLX | ||
| 958 | _aUP | ||